| 000 | 00609cam a2200217 4500 | ||
|---|---|---|---|
| 001 | D4157 | ||
| 008 | 1955 | ||
| 035 | _a(Sirsi) u76776 | ||
| 041 | _aeng | ||
| 050 | _a692.3094585 | ||
| 110 |
_aAir Ministry _91061 |
||
| 245 | _aRules of measurement for the preparation and adjustment of bills of quantities for Air Ministry Contracts in Malta | ||
| 260 |
_aLondon _bAir Ministry _c1955 |
||
| 300 |
_a4p. _c33cm |
||
| 350 | _a0 | ||
| 520 | _aFiled at 1955/2BCD | ||
| 651 | 4 |
_aGreat Britain _y1707- |
|
| 690 |
_aMeasurement _96256 |
||
| 942 | _n0 | ||
| 948 | _c04/03/1997 | ||
| 999 |
_c96246 _d96246 |
||